Statistics for US States that Don't Border

Click here to take the quiz!

General Stats

  • This quiz has been taken 31 times
  • The average score is 7 of 10

Answer Stats

QuestionAnswer% Correct
MassachusettsNew Jersey
96%
ArizonaTexas
85%
OhioIllinois
81%
IdahoCalifornia
73%
West VirginiaIndiana
73%
South DakotaColorado
65%
MichiganMinnesota
65%
NebraskaMinnesota
54%
MarylandNew Jersey
54%
GeorgiaMississippi
46%

Score Distribution

Percentile by Number Answered

Percent of People with Each Score

Your Score History

You have not taken this quiz